000 01443cam a2200313M 4500
001 zadartel00tele
003 CaSfIA
005 20210119125042.0
007 cr||||
008 870929s1964 yu a 000 0 eng d
040 _aORZ
_cORZ
_dOCLCQ
_dCaSfIA
035 _a(OCoLC)16771277
041 1 _aeng
_hhrv
043 _ae-yu---
100 1 _aTelebakovic-Pecarski, Branka.
245 1 0 _aZadar.
_h[electronic resource]
_c[Editor: Ivo Frol. Text by Branka Telebakovic-Pecarski. Translated from the Serbo-Croat by Ivo Curcin. Photos.: Toso Dabac].
260 _aBeograd,
_bJugoslavija
_c[1964]
300 _a20, viii p.,
_b[64] p. of illus.
_c18 cm.
490 0 _aPhotoguides "Jugoslavija"
500 _aColored maps on lining papers.
500 _a"Tourist supplement" (1965; [8] p.) inserted.
651 0 _aZadar (Croatia)
_xDescription and travel.
700 1 _aDabac, Toso.
856 4 1 _uhttp://www.archive.org/details/zadartel00tele
_zFree eBook from the Internet Archive
856 4 2 _uhttp://www.openlibrary.org/books/OL24224861M
_zAdditional information and access via Open Library
942 _cEB
506 _fНеобхідна авторизація на https://archive.org/ (створення облікового запису безкоштовно)
506 _fНеобхідна авторизація на https://openlibrary.org/ (створення облікового запису безкоштовно)
999 _c569883
_d569883